[Event "TCh-RUS Premier 2023"]
[Site "Sochi RUS"]
[Date "2023.05.04"]
[Round "4.2"]
[Board "4"]
[White "Fedorov, Alexei"]
[Black "Iljiushenok, Ilia"]
[Result "1/2-1/2"]
[WhiteTitle "GM"]
[BlackTitle "GM"]
[WhiteElo "2477"]
[BlackElo "2544"]
[WhiteTeam "Belarus (Respublika Belarus)"]
[BlackTeam "Moskovskaya oblast (Moskovskaya oblast)"]
[WhiteFideId "13500465"]
[BlackFideId "24105074"]
[EventDate "2023.05.01"]
[EventType "team"]

1. e4 c6 2. d4 d5 3. e5 Bf5 4. Nd2 e6 5. Nb3 c5 6. Nf3 c4 7. Nbd2 Nc6 8. c3 b5
9. Be2 b4 10. Qa4 Qd7 11. Bd1 Rb8 12. Nf1 Be4 13. Ng3 Bxf3 14. gxf3 g6 15. O-O
h5 16. Be3 Nge7 17. b3 bxc3 18. bxc4 Rb4 19. Qa6 dxc4 20. Ne4 Nd5 21. Ba4 Rxa4
22. Qxa4 Nxe5 23. Qd1 Nc6 24. Qe2 Bg7 25. Qxc4 O-O 26. Nxc3 Nxc3 27. Qxc3 Nxd4
28. Bxd4 Bxd4 29. Rad1 e5 30. Qd3 Rb8 31. Kg2 Qd8 1/2-1/2

[Event "TCh-RUS Premier 2023"]
[Site "Sochi RUS"]
[Date "2023.05.04"]
[Round "4.2"]
[Board "5"]
[White "Smirnov, Pavel"]
[Black "Tsaruk, Maksim"]
[Result "1/2-1/2"]
[WhiteTitle "GM"]
[BlackTitle "FM"]
[WhiteElo "2545"]
[BlackElo "2371"]
[WhiteTeam "Moskovskaya oblast (Moskovskaya oblast)"]
[BlackTeam "Belarus (Respublika Belarus)"]
[WhiteFideId "4123425"]
[BlackFideId "13511173"]
[EventDate "2023.05.01"]
[EventType "team"]

1. d4 Nf6 2. c4 e6 3. g3 d5 4. Nf3 dxc4 5. Bg2 c5 6. O-O Nc6 7. dxc5 Qxd1 8.
Rxd1 Bxc5 9. Nbd2 c3 10. bxc3 O-O 11. Nb3 Be7 12. Nfd4 Nxd4 13. cxd4 Nd5 14. Na5
Bb4 15. Nc4 Bd7 16. Rb1 Nc3 17. Bd2 Nxe2+ 18. Kf1 Bxd2 19. Kxe2 Bg5 20. Rxb7
Rad8 21. f4 Bf6 22. Ne5 Ba4 23. Rd2 a6 24. Ke3 Rc8 25. Bf1 Rc3+ 26. Kf2 Ra3 27.
Bc4 Bb5 28. Bb3 Bxe5 29. dxe5 Ba4 30. h4 h5 31. Rd4 1/2-1/2

[Event "TCh-RUS Premier 2023"]
[Site "Sochi RUS"]
[Date "2023.05.04"]
[Round "4.2"]
[Board "6"]
[White "Siniauski, Artsiom"]
[Black "Sychev, Klementy"]
[Result "1/2-1/2"]
[WhiteTitle "FM"]
[BlackTitle "GM"]
[WhiteElo "2247"]
[BlackElo "2547"]
[WhiteTeam "Belarus (Respublika Belarus)"]
[BlackTeam "Moskovskaya oblast (Moskovskaya oblast)"]
[WhiteFideId "13512269"]
[BlackFideId "4114060"]
[EventDate "2023.05.01"]
[EventType "team"]

1. e4 e6 2. d4 d5 3. Nc3 Nf6 4. Bg5 dxe4 5. Nxe4 Be7 6. Bxf6 gxf6 7. Nf3 Nd7 8.
g3 O-O 9. Bg2 f5 10. Nc3 c5 11. d5 Nb6 12. dxe6 Bxe6 13. O-O Qxd1 14. Rfxd1 Bf6
15. Nd2 Bxc3 16. bxc3 Na4 17. Nb3 Rab8 18. Na5 Nxc3 19. Rd3 Ne4 20. g4 Rfe8 21.
Re1 Kf8 22. a3 Nf6 23. g5 Ne4 24. f3 c4 25. Rd4 Nc3 26. f4 Rbd8 27. Rxd8 Rxd8
28. Nxb7 Rd2 29. Bf1 Rxc2 30. Nc5 Ne4 31. Nxe4 fxe4 32. Bg2 Rc3 33. Bxe4 Rxa3
34. f5 Bd7 35. Kf2 Ra5 36. f6 Rxg5 37. Ke3 Re5 38. Kd4 Re6 39. Rf1 h6 40. Bd5
Rb6 41. Ra1 Rxf6 42. Bxc4 Be6 43. Bxe6 Rxe6 44. Rxa7 Kg7 45. Kd3 Kg6 46. Ra1 f5
47. Rg1+ Kf6 48. Rf1 Re8 49. h3 Re7 50. Kd4 Re2 51. Kd3 Rh2 52. Ke3 Rxh3+ 53.
Kf4 Rh4+ 54. Kg3 Ra4 55. Rb1 Kg5 56. Rb8 Ra3+ 57. Kg2 Kg4 58. Rg8+ Kf4 59. Rh8
Ra2+ 60. Kh3 Ra3+ 61. Kg2 Ra6 62. Rh7 Rg6+ 63. Kf2 Kg4 64. Kg2 h5 65. Rh8 h4 66.
Rh7 Re6 67. Rg7+ Kf4 68. Ra7 Re3 69. Ra8 Rd3 70. Ra7 Rg3+ 71. Kf2 Rd3 72. Kg2
Rb3 73. Ra8 Rg3+ 74. Kf2 Rc3 75. Kg2 Rd3 1/2-1/2

[Event "TCh-RUS Premier 2023"]
[Site "Sochi RUS"]
[Date "2023.05.04"]
[Round "4.3"]
[Board "1"]
[White "Najer, Evgeniy"]
[Black "Zakhartsov, Vladimir"]
[Result "1/2-1/2"]
[WhiteTitle "GM"]
[BlackTitle "GM"]
[WhiteElo "2655"]
[BlackElo "2547"]
[WhiteTeam "Shakhmatnaya sbornaya Moskvy (Moskva)"]
[BlackTeam "Shkola im. M.M. Botvinnika  (Moskva)"]
[WhiteFideId "4118987"]
[BlackFideId "4145097"]
[EventDate "2023.05.01"]
[EventType "team"]

1. e4 c5 2. Nf3 d6 3. Bb5+ Bd7 4. Bxd7+ Nxd7 5. O-O e6 6. d4 cxd4 7. Qxd4 Ngf6
8. c4 Be7 9. Nc3 O-O 10. Rd1 a6 11. Qd3 Rc8 12. b3 Qa5 13. Bd2 Qc7 14. h3 Ne5
15. Qe2 Nxf3+ 16. Qxf3 b6 17. Rac1 Qb7 18. Qe2 Rfd8 19. Bf4 Ne8 20. e5 dxe5 21.
Bxe5 Bf6 22. Bxf6 Nxf6 23. Rxd8+ Rxd8 24. Rd1 Rxd1+ 25. Qxd1 Qc7 26. Qd4 h6 27.
Kf1 Qd7 28. Qxd7 Nxd7 29. Ke2 Kf8 30. Ke3 Ke7 31. Kd4 f5 32. b4 Kd6 33. f4 g5
34. g3 e5+ 35. fxe5+ 1/2-1/2

[Event "TCh-RUS Premier 2023"]
[Site "Sochi RUS"]
[Date "2023.05.04"]
[Round "4.3"]
[Board "2"]
[White "Rychagov, Andrey"]
[Black "Inarkiev, Ernesto"]
[Result "0-1"]
[WhiteTitle "GM"]
[BlackTitle "GM"]
[WhiteElo "2547"]
[BlackElo "2661"]
[WhiteTeam "Shkola im. M.M. Botvinnika  (Moskva)"]
[BlackTeam "Shakhmatnaya sbornaya Moskvy (Moskva)"]
[WhiteFideId "4119932"]
[BlackFideId "4162722"]
[EventDate "2023.05.01"]
[EventType "team"]

1. d4 Nf6 2. c4 e6 3. Nf3 Bb4+ 4. Bd2 a5 5. a3 Bxd2+ 6. Qxd2 b6 7. Nc3 Bb7 8.
Qc2 d6 9. e4 Nbd7 10. Bd3 e5 11. O-O O-O 12. b4 Nh5 13. Rfd1 exd4 14. Nxd4 Qf6
15. Nf3 Nf4 16. Rac1 axb4 17. axb4 Qg6 18. Bf1 Ra3 19. Kh1 Nf6 20. Nd5 Bxd5 21.
exd5 Qh5 22. Rd4 g5 23. Nxg5 Qxg5 24. Qd2 N6h5 25. g3 Qg7 26. gxf4 Kh8 27. Rd3
Rg8 28. Bh3 Rxd3 29. Qxd3 Nxf4 30. Qe3 Qh6 31. Bf5 Qg5 32. Be4 Re8 33. Qd4+ f6
34. Ra1 Ne2 35. Qd3 Qe5 36. Ra7 Nf4 0-1

[Event "TCh-RUS Premier 2023"]
[Site "Sochi RUS"]
[Date "2023.05.04"]
[Round "4.3"]
[Board "4"]
[White "Uskov, Artem"]
[Black "Popov, Ivan RUS"]
[Result "0-1"]
[WhiteTitle "IM"]
[BlackTitle "GM"]
[WhiteElo "2367"]
[BlackElo "2627"]
[WhiteTeam "Shkola im. M.M. Botvinnika  (Moskva)"]
[BlackTeam "Shakhmatnaya sbornaya Moskvy (Moskva)"]
[WhiteFideId "34254854"]
[BlackFideId "4170350"]
[EventDate "2023.05.01"]
[EventType "team"]

1. e4 c5 2. Nf3 Nc6 3. d4 cxd4 4. Nxd4 Nf6 5. Nc3 d6 6. Bg5 e6 7. Qd2 a6 8.
O-O-O Bd7 9. f3 Nxd4 10. Qxd4 Be7 11. h4 Qc7 12. g4 b5 13. a3 Rb8 14. f4 h6 15.
Bxf6 gxf6 16. Bd3 Qb6 17. Ne2 Rg8 18. Rdg1 Qxd4 19. Nxd4 Bd8 20. Be2 Bb6 21. Rd1
Ke7 22. f5 e5 23. Nb3 Bc6 24. Bf3 h5 25. Rd3 Rxg4 26. Bxg4 hxg4 27. Nd2 Rg8 28.
Rh2 g3 29. Rg2 Bf2 30. Rc3 Kd7 31. Nf1 Bxe4 32. Rgxg3 Bxg3 33. Nxg3 Bc6 34. Nh5
Rg1+ 35. Kd2 Rg2+ 36. Ke1 d5 37. Nxf6+ Kd6 38. h5 Rh2 39. Rg3 d4 40. c3 Kc5 41.
Kf1 e4 42. cxd4+ Kxd4 43. Kg1 Rxb2 44. Ng4 Rb1+ 45. Kh2 e3 46. Rxe3 Rh1+ 47. Kg3
Rxh5 48. Kf4 a5 49. Re7 Rh3 50. Rxf7 Rf3+ 51. Kg5 Rxa3 52. f6 Bd5 53. Rd7 Rf3
54. Nh2 Rf2 55. Ng4 Rf3 56. Nh2 Rh3 57. f7 Rh8 58. Kf6 Rxh2 59. f8=Q Rf2+ 60.
Ke7 Rxf8 61. Kxf8 a4 62. Ra7 Kc5 63. Ke7 Bc6 64. Ke6 b4 0-1

[Event "TCh-RUS Premier 2023"]
[Site "Sochi RUS"]
[Date "2023.05.04"]
[Round "4.3"]
[Board "5"]
[White "Demidov, Mikhail"]
[Black "Zverev, Lev"]
[Result "1/2-1/2"]
[WhiteTitle "GM"]
[BlackTitle "FM"]
[WhiteElo "2583"]
[BlackElo "2301"]
[WhiteTeam "Shakhmatnaya sbornaya Moskvy (Moskva)"]
[BlackTeam "Shkola im. M.M. Botvinnika  (Moskva)"]
[WhiteFideId "4197143"]
[BlackFideId "24250775"]
[EventDate "2023.05.01"]
[EventType "team"]

1. d4 Nf6 2. c4 e6 3. Nf3 d5 4. Nc3 Bb4 5. Bg5 h6 6. Bxf6 Qxf6 7. cxd5 exd5 8.
Qb3 Qd6 9. a3 Bxc3+ 10. bxc3 O-O 11. e3 c5 12. Be2 Nc6 13. O-O cxd4 14. Nxd4
Nxd4 15. cxd4 b6 16. Rfc1 Bb7 17. a4 Rac8 18. Rcb1 Rc7 19. a5 Rfc8 20. axb6 axb6
21. Bg4 Rc3 22. Qb5 R8c6 23. Bf3 Qc7 24. g3 Rc1+ 25. Kg2 Rxb1 26. Qxb1 Rf6 27.
Ra2 g6 28. Qb5 Kg7 29. Qa4 Qc8 30. Qc2 Qe6 31. Be2 h5 32. h4 Bc8 33. Kg1 Qd7 34.
Qb1 Qc7 35. Rc2 Qb7 36. Rc1 Bf5 37. Qb5 Bd7 38. Qb4 Bf5 39. Qa4 Bd7 40. Qb4 Bf5
41. Bb5 Be4 42. Qa3 Bf5 43. Rc3 Qb8 44. Qe7 Re6 45. Qa3 Rf6 46. Qe7 Re6 47. Qa3
Rf6 48. Qe7 1/2-1/2

[Event "TCh-RUS Premier 2023"]
[Site "Sochi RUS"]
[Date "2023.05.04"]
[Round "4.3"]
[Board "6"]
[White "Averin, Nikolay"]
[Black "Makarian, Rudik"]
[Result "0-1"]
[WhiteTitle "FM"]
[BlackTitle "IM"]
[WhiteElo "2293"]
[BlackElo "2547"]
[WhiteTeam "Shkola im. M.M. Botvinnika  (Moskva)"]
[BlackTeam "Shakhmatnaya sbornaya Moskvy (Moskva)"]
[WhiteFideId "24250473"]
[BlackFideId "44105681"]
[EventDate "2023.05.01"]
[EventType "team"]

1. e4 e5 2. Nf3 Nc6 3. Bb5 a6 4. Ba4 Nf6 5. O-O b5 6. Bb3 Bc5 7. a4 Rb8 8. axb5
axb5 9. Nxe5 Nxe5 10. d4 Bxd4 11. Qxd4 d6 12. f4 Nc6 13. Qc3 Ne7 14. e5 Ne4 15.
Qe1 Nc5 16. exd6 cxd6 17. Bd5 O-O 18. Bf3 Nf5 19. Qf2 b4 20. Nd2 Re8 21. Re1
Rxe1+ 22. Qxe1 Nd4 23. Bd1 Bb7 24. c3 bxc3 25. bxc3 Nf5 26. Bc2 Nh4 27. g3 Qb6
28. Rb1 Qc6 29. Be4 d5 30. Bh1 Re8 31. Qf1 Nf5 32. Bf3 Ba6 33. c4 Ne4 34. Nxe4
dxe4 35. Be2 Bb7 36. Qg2 Qc5+ 37. Kh1 Bc6 38. Qf1 e3+ 39. Kg1 Qd4 40. Rb5 Qe4
41. Bf3 Qxf3 42. Qxf3 Bxf3 43. Rxf5 e2 44. Bd2 e1=Q+ 45. Bxe1 Rxe1+ 46. Kf2 Bg4
47. Rg5 Re2+ 48. Kf1 Bf3 49. Ra5 Rxh2 0-1

[Event "TCh-RUS Premier 2023"]
[Site "Sochi RUS"]
[Date "2023.05.04"]
[Round "4.4"]
[Board "1"]
[White "Grischuk, Alexander"]
[Black "Paravyan, David"]
[Result "1-0"]
[WhiteTitle "GM"]
[BlackTitle "GM"]
[WhiteElo "2745"]
[BlackElo "2601"]
[WhiteTeam "SK KPRF (Moskva)"]
[BlackTeam "Russkaya shakhmatnaya shkola (Moskva)"]
[WhiteFideId "4126025"]
[BlackFideId "4194985"]
[EventDate "2023.05.01"]
[EventType "team"]

1. d4 Nf6 2. Nf3 g6 3. e3 Bg7 4. Be2 O-O 5. O-O c5 6. Nc3 cxd4 7. exd4 d5 8. Ne5
e6 9. Bf4 Nc6 10. Qd2 Nxe5 11. Bxe5 Bd7 12. Bd3 Rc8 13. Rfe1 Qb6 14. Rab1 Nh5
15. Bxg7 Kxg7 16. Qe3 Qd6 17. Ne2 a6 18. c3 Rc6 19. Bc2 Rb6 20. a4 a5 21. Nc1
Qf4 22. Qe2 Qc7 23. Qf3 Nf6 24. Nd3 Ne4 25. Qe3 Be8 26. h4 Qd8 27. f3 Nd6 28. h5
Qh4 29. Qe5+ Kg8 30. hxg6 hxg6 31. g3 Qh6 32. Qe2 Nf5 33. Kg2 Qg5 34. Qf2 Nh4+
35. Kf1 Nf5 36. g4 Nd6 37. Kg2 f5 38. Qe3 Qxe3 39. Rxe3 Nc4 40. Re2 fxg4 41.
fxg4 g5 42. Nc5 e5 43. dxe5 Rf4 44. Bf5 d4 45. cxd4 Rxd4 46. b3 Bc6+ 47. Kf2 Nd2
48. Ke3 Nxb1 49. Kxd4 Rb4+ 50. Kd3 b6 51. Be6+ Kf8 52. Rf2+ Ke8 53. Na6 Re4 54.
Bd5 Bxd5 55. Nc7+ Kd8 56. Nxd5 Rxe5 57. Rf8+ Kd7 58. Nxb6+ Kc6 59. Rf6+ 1-0

[Event "TCh-RUS Premier 2023"]
[Site "Sochi RUS"]
[Date "2023.05.04"]
[Round "4.4"]
[Board "2"]
[White "Kukhmazov, Arsen"]
[Black "Dubov, Daniil"]
[Result "0-1"]
[WhiteTitle "IM"]
[BlackTitle "GM"]
[WhiteElo "2506"]
[BlackElo "2708"]
[WhiteTeam "Russkaya shakhmatnaya shkola (Moskva)"]
[BlackTeam "SK KPRF (Moskva)"]
[WhiteFideId "24108260"]
[BlackFideId "24126055"]
[EventDate "2023.05.01"]
[EventType "team"]

1. d4 Nf6 2. c4 e6 3. Nf3 a6 4. Nc3 d5 5. cxd5 exd5 6. Bg5 Be6 7. e3 Nbd7 8. Bf4
Nh5 9. Bd3 Nxf4 10. exf4 g6 11. O-O Bd6 12. g3 Nf6 13. Qa4+ Kf8 14. Rfe1 Kg7 15.
Qc2 Qc8 16. Rac1 Re8 17. a3 Rb8 18. b4 c6 19. Rb1 Bh3 20. Rxe8 Nxe8 21. Qd2 Bc7
22. Re1 Nd6 23. Na4 Ra8 24. Nc5 a5 25. Ng5 Bd8 26. Nxh3 Qxh3 27. Bf1 Qf5 28. Bd3
Qc8 29. Nb3 a4 30. Na1 Bf6 31. Nc2 Qc7 32. Qc3 Qd7 33. Ne3 Re8 34. Kg2 Qd8 35.
Qc5 Re7 36. b5 Qa5 37. Rd1 Ne4 38. Bxe4 Rxe4 39. Rd3 Qxb5 40. Qxb5 cxb5 41. Nc2
Re2 42. Nb4 Rb2 43. Kf3 Be7 44. Nxd5 Bd6 45. Ke3 f5 46. h3 Kf7 47. Nc3 Bxa3 0-1

[Event "TCh-RUS Premier 2023"]
[Site "Sochi RUS"]
[Date "2023.05.04"]
[Round "4.4"]
[Board "3"]
[White "Malakhov, Vladimir"]
[Black "Shuvalova, Polina"]
[Result "1-0"]
[WhiteTitle "GM"]
[BlackTitle "IM"]
[WhiteElo "2650"]
[BlackElo "2475"]
[WhiteTeam "SK KPRF (Moskva)"]
[BlackTeam "Russkaya shakhmatnaya shkola (Moskva)"]
[WhiteFideId "4120787"]
[BlackFideId "24171760"]
[EventDate "2023.05.01"]
[EventType "team"]

1. Nf3 d5 2. e3 Nf6 3. c4 e6 4. Nc3 c5 5. cxd5 exd5 6. d4 Nc6 7. Bb5 cxd4 8.
Nxd4 Bd7 9. O-O Bd6 10. b3 O-O 11. Bb2 a6 12. Nxc6 bxc6 13. Be2 Qe7 14. Rc1 a5
15. Bf3 Rab8 16. Na4 Rfe8 17. Qc2 h5 18. Nc5 Bc8 19. Qc3 Bc7 20. Nd3 Ba6 21.
Rfd1 Bxd3 22. Qxd3 Qd6 23. g3 h4 24. Qc3 hxg3 25. hxg3 Re6 26. Bxd5 cxd5 27.
Qxc7 Qxc7 28. Rxc7 a4 29. Bd4 axb3 30. Rb1 Ne4 31. Rb2 Ra6 32. axb3 Ra5 33. Rc1
Rab5 34. Rcb1 Rb4 35. Kg2 R8b5 36. f3 Nc5 37. Bxc5 Rxc5 38. Kf2 Rc3 39. Ke2 f5
40. Rd2 Rbxb3 41. Rxb3 Rxb3 42. Rxd5 g6 43. g4 fxg4 44. fxg4 Kf7 45. Kf3 Kf6 46.
g5+ Ke6 47. Ra5 Rb4 48. e4 Rb1 49. Ra6+ Kf7 50. Kf4 Rg1 51. Rb6 Ra1 52. Rb7+ Ke6
53. Rb6+ Kf7 54. Rf6+ Kg7 55. Rd6 Kf7 56. Ke5 Ra5+ 57. Rd5 Ra7 58. Rc5 Re7+ 59.
Kf4 Ra7 60. Rc1 Rb7 61. Rf1 Rb5 62. Rh1 Kg7 63. Ra1 Rb7 64. Ra6 Kf7 65. e5 Rb4+
66. Kf3 Rb1 67. Rf6+ Kg7 68. Ke4 Re1+ 69. Kd5 Rg1 70. Ke6 Rxg5 71. Rf7+ Kh6 72.
Kd6 Rg1 73. e6 Rd1+ 74. Kc7 Re1 75. e7 g5 76. Kd7 Rd1+ 77. Ke8 Kh5 78. Kf8 Re1
79. e8=Q Rxe8+ 80. Kxe8 g4 81. Ke7 g3 82. Rg7 Kh4 83. Kf6 Kh3 84. Kf5 g2 85. Kf4
Kh2 86. Rh7+ Kg1 87. Kg3 Kf1 88. Rf7+ Kg1 89. Rf8 Kh1 90. Rh8+ Kg1 91. Rh2 1-0

[Event "TCh-RUS Premier 2023"]
[Site "Sochi RUS"]
[Date "2023.05.04"]
[Round "4.4"]
[Board "4"]
[White "Grebnev, Aleksey"]
[Black "Zvjaginsev, Vadim"]
[Result "1/2-1/2"]
[WhiteTitle "IM"]
[BlackTitle "GM"]
[WhiteElo "2483"]
[BlackElo "2598"]
[WhiteTeam "Russkaya shakhmatnaya shkola (Moskva)"]
[BlackTeam "SK KPRF (Moskva)"]
[WhiteFideId "34189030"]
[BlackFideId "4113403"]
[EventDate "2023.05.01"]
[EventType "team"]

1. d4 d5 2. c4 e6 3. Nc3 Be7 4. cxd5 exd5 5. Bf4 Nf6 6. e3 O-O 7. Bd3 c5 8. dxc5
Bxc5 9. Nge2 Nc6 10. O-O Bd6 11. Nb5 Bxf4 12. Nxf4 a6 13. Nd4 Nxd4 14. exd4 Qd6
15. g3 Bd7 16. Qb3 Rfe8 17. Rfe1 Bc6 1/2-1/2

[Event "TCh-RUS Premier 2023"]
[Site "Sochi RUS"]
[Date "2023.05.04"]
[Round "4.4"]
[Board "5"]
[White "Potkin, Vladimir"]
[Black "Vetokhin, Savva"]
[Result "1-0"]
[WhiteTitle "GM"]
[BlackTitle "IM"]
[WhiteElo "2574"]
[BlackElo "2420"]
[WhiteTeam "SK KPRF (Moskva)"]
[BlackTeam "Russkaya shakhmatnaya shkola (Moskva)"]
[WhiteFideId "4131061"]
[BlackFideId "44144474"]
[EventDate "2023.05.01"]
[EventType "team"]

1. Nf3 c5 2. c4 Nf6 3. Nc3 e6 4. e3 Nc6 5. d4 d5 6. a3 dxc4 7. Bxc4 a6 8. O-O b5
9. Ba2 Bb7 10. Qe2 Be7 11. dxc5 Bxc5 12. e4 Nd7 13. Bf4 Qf6 14. Bg3 Nd4 15. Nxd4
Bxd4 16. Rad1 e5 17. Kh1 O-O 18. f4 Qe7 19. fxe5 Bxc3 20. Rxf7 Rxf7 21. e6 Ne5
22. exf7+ Nxf7 23. bxc3 Kh8 24. e5 Ng5 25. Bh4 h6 26. e6 Rf8 27. h3 Qf6 28. e7
Re8 29. Rd8 Bc6 30. Bd5 g6 31. Bxc6 Qxc6 32. Bxg5 hxg5 33. Qf3 1-0

[Event "TCh-RUS Premier 2023"]
[Site "Sochi RUS"]
[Date "2023.05.04"]
[Round "4.4"]
[Board "6"]
[White "Badelka, Olga"]
[Black "Alekseev, Evgeny"]
[Result "1/2-1/2"]
[WhiteTitle "IM"]
[BlackTitle "GM"]
[WhiteElo "2406"]
[BlackElo "2564"]
[WhiteTeam "Russkaya shakhmatnaya shkola (Moskva)"]
[BlackTeam "SK KPRF (Moskva)"]
[WhiteFideId "13509926"]
[BlackFideId "4138147"]
[EventDate "2023.05.01"]
[EventType "team"]

1. d4 Nf6 2. c4 e6 3. Nc3 d5 4. cxd5 exd5 5. Bg5 Be7 6. e3 c6 7. Bd3 Nbd7 8. Qc2
Nh5 9. Bxe7 Qxe7 10. O-O-O Nb6 11. h3 g6 12. Nf3 Be6 13. Kb1 O-O-O 14. Rc1 Kb8
15. Na4 Ng7 16. Nc5 Bf5 17. h4 Bxd3 18. Nxd3 Nf5 19. g3 Nc4 20. Nfe5 Nfd6 21.
Nxc4 Nxc4 22. Ka1 Rc8 23. h5 Ka8 1/2-1/2

[Event "TCh-RUS Premier 2023"]
[Site "Sochi RUS"]
[Date "2023.05.04"]
[Round "4.5"]
[Board "1"]
[White "Lobanov, Sergei"]
[Black "Chekhov, Sergei"]
[Result "1-0"]
[WhiteTitle "GM"]
[BlackTitle "IM"]
[WhiteElo "2536"]
[BlackElo "2453"]
[WhiteTeam "SShOR po shakhmatam i shashkam (Sankt-Peterbu"]
[BlackTeam "Inleksis (Voronezhskaya oblast)"]
[WhiteFideId "24183750"]
[BlackFideId "4195639"]
[EventDate "2023.05.01"]
[EventType "team"]

1. e4 e6 2. d4 d5 3. Nc3 Bb4 4. e5 b6 5. Qg4 Bf8 6. Nf3 h5 7. Qg3 Qd7 8. Bg5 Ba6
9. Bd3 Bxd3 10. cxd3 Nc6 11. O-O Nge7 12. Rac1 Nf5 13. Qf4 Be7 14. Bxe7 Ncxe7
15. Ne2 Rc8 16. Rc3 f6 17. Qd2 Ng6 18. Rfc1 c6 19. b4 Kf7 20. R1c2 b5 21. Nc1
Ngh4 22. Nxh4 Nxh4 23. Nb3 Qe8 24. Na5 Kg6 25. Nxc6 Kh7 26. Qf4 Nf5 27. exf6
gxf6 28. Nxa7 Rxc3 29. Rxc3 Rg8 30. Rc8 Qg6 31. Rxg8 Qxg8 32. Nxb5 Qa8 33. Qc7+
Kh6 34. Qc2 Qg8 35. Qc1+ Kh7 36. h3 Qa8 37. Qc2 Nh4 38. Qc7+ Kh8 39. Qf7 1-0

[Event "TCh-RUS Premier 2023"]
[Site "Sochi RUS"]
[Date "2023.05.04"]
[Round "4.5"]
[Board "2"]
[White "Rodin, Dmitrij"]
[Black "Zubritskiy, Artyom"]
[Result "0-1"]
[WhiteTitle "IM"]
[BlackTitle "IM"]
[WhiteElo "2325"]
[BlackElo "2438"]
[WhiteTeam "Inleksis (Voronezhskaya oblast)"]
[BlackTeam "SShOR po shakhmatam i shashkam (Sankt-Peterbu"]
[WhiteFideId "4127412"]
[BlackFideId "4181247"]
[EventDate "2023.05.01"]
[EventType "team"]

1. e4 c5 2. Nf3 Nf6 3. e5 Nd5 4. Nc3 Nxc3 5. dxc3 Nc6 6. Bf4 h6 7. Bd3 Qc7 8.
Qe2 e6 9. O-O b6 10. Nd2 d5 11. exd6 Bxd6 12. Bxd6 Qxd6 13. Rad1 Bb7 14. Nc4 Qc7
15. Be4 Rd8 16. Rxd8+ Nxd8 17. Rd1 O-O 18. Ne5 Nc6 19. Rd7 Qxe5 20. Rxb7 f5 21.
Bf3 Qxe2 22. Bxe2 Rf7 23. Rxf7 Kxf7 24. f4 g5 25. g3 gxf4 26. gxf4 Kf6 27. Kf2
Ne7 28. Bb5 Nd5 29. Kf3 e5 30. fxe5+ Kxe5 31. Bc4 Nf6 32. Bd3 Ng4 33. h3 Nf6 34.
h4 Nd5 35. Bc4 Ne7 36. Bd3 Nc8 37. c4 Ne7 38. c3 Ng6 39. Kg3 Kf6 40. Be2 Ke5 41.
Bd3 Nf4 42. Bc2 Nh5+ 43. Kf3 Nf6 44. Bd3 Ne8 45. Ke3 Nd6 46. Kf3 Nc8 47. Ke3 Ne7
48. Kf3 Nc6 49. Ke3 Na5 50. Kf3 Nb7 51. Ke3 Nd6 52. Kf3 a6 53. Ke3 f4+ 54. Kf3
h5 55. Bg6 Nf5 56. Bxh5 Nxh4+ 57. Kg4 Nf5 58. Kf3 Nd6 59. Ke2 Nxc4 60. b3 Nd6
61. Kd3 Kf5 62. b4 Kg5 63. Bf3 Kh4 64. bxc5 bxc5 65. Bd5 Kg3 66. Ke2 a5 67. Bh1
Kg4 68. Bd5 Kf5 69. Kd3 Ke5 70. Bf3 c4+ 71. Kc2 Nf7 72. Kd2 Kd6 73. Ke2 Ne5 74.
Be4 Kc5 75. Bf5 Kb5 76. Bc2 Ng4 77. Bf5 Nf6 78. Kd2 Kc5 79. Ke2 f3+ 80. Kxf3 Nd5
81. a3 Nxc3 82. Ke3 Nb5 83. a4 Nc3 84. Bc2 Nd5+ 85. Kd2 Kb4 86. Be4 Nc3 87. Bc6
Kb3 88. Be8 Nxa4 89. Bf7 Nb2 90. Kc1 a4 91. Kb1 Nd3 92. Be6 a3 93. Bf7 Nb4 94.
Bg6 a2+ 0-1

[Event "TCh-RUS Premier 2023"]
[Site "Sochi RUS"]
[Date "2023.05.04"]
[Round "4.5"]
[Board "3"]
[White "Vlasenko, Miroslav"]
[Black "Klimentov, Evgeny"]
[Result "0-1"]
[WhiteTitle "IM"]
[BlackTitle "FM"]
[WhiteElo "2358"]
[BlackElo "2305"]
[WhiteTeam "SShOR po shakhmatam i shashkam (Sankt-Peterbu"]
[BlackTeam "Inleksis (Voronezhskaya oblast)"]
[WhiteFideId "4151887"]
[BlackFideId "24128899"]
[EventDate "2023.05.01"]
[EventType "team"]

1. d4 Nf6 2. Bg5 e6 3. e4 h6 4. Bxf6 Qxf6 5. Nc3 d6 6. Qd2 Nd7 7. O-O-O Nb6 8.
f4 Bd7 9. Nf3 g5 10. g3 gxf4 11. gxf4 Rg8 12. e5 Qf5 13. Bd3 Qh3 14. Ne4 Be7 15.
Ng3 Bc6 16. Rhf1 O-O-O 17. Rf2 Qg4 18. Be2 Qg7 19. Qa5 Kb8 20. Kb1 f5 21. Rc1 d5
22. Qe1 Nc4 23. Qc3 Nb6 24. b3 Qf8 25. Qe3 Ba3 26. Rg1 Be8 27. Rfg2 Rc8 28. Bd3
c5 29. dxc5 d4 30. Nxd4 Nd5 31. Qf2 Nc3+ 32. Ka1 Qxc5 33. Nge2 Rxg2 34. Rxg2
Bb2+ 35. Kxb2 Nd1+ 36. Kc1 Nxf2 37. Rxf2 Bh5 38. Rg2 Qd5 39. Rg3 Qh1+ 40. Kb2
Qxh2 41. Rg7 Bxe2 42. Nxe2 h5 43. Re7 h4 44. Rxe6 h3 45. Rh6 Qg2 46. Bxf5 h2 47.
Bxc8 Kxc8 48. Rh8+ Kd7 49. Rh7+ Ke8 0-1

[Event "TCh-RUS Premier 2023"]
[Site "Sochi RUS"]
[Date "2023.05.04"]
[Round "4.5"]
[Board "4"]
[White "Popov, Maksim"]
[Black "Saveliev, Alexei"]
[Result "1-0"]
[WhiteTitle "FM"]
[BlackTitle "IM"]
[WhiteElo "2338"]
[BlackElo "2385"]
[WhiteTeam "Inleksis (Voronezhskaya oblast)"]
[BlackTeam "SShOR po shakhmatam i shashkam (Sankt-Peterbu"]
[WhiteFideId "54123968"]
[BlackFideId "24128546"]
[EventDate "2023.05.01"]
[EventType "team"]

1. e4 c5 2. Nf3 e6 3. d4 cxd4 4. Nxd4 Nf6 5. Nc3 d6 6. Be2 Be7 7. Be3 a6 8. O-O
Qc7 9. a4 b6 10. f3 Bb7 11. Qe1 Nbd7 12. Qf2 O-O 13. Rfd1 Rfe8 14. Kh1 Bf8 15.
Qg3 Rac8 16. a5 b5 17. Bg1 Qb8 18. Bf1 Ne5 19. Nde2 Ng6 20. Nf4 Nxf4 21. Qxf4 b4
22. Na2 e5 23. Qd2 d5 24. exd5 Nxd5 25. c4 bxc3 26. bxc3 Qa8 27. Re1 Nf6 28. Nb4
e4 29. f4 Red8 30. Qb2 Bd6 31. Bd4 Bxf4 32. Qf2 Bh6 33. Bxf6 gxf6 34. Qxf6 Bg7
35. Qg5 h6 36. Qg4 Rxc3 37. Rad1 Rc5 38. Qh4 Rg5 39. Nc2 e3 40. Nxe3 Re8 41. Ng4
Rxe1 42. Rxe1 Kf8 43. h3 f5 44. Ne3 Be4 45. Qf4 Kg8 46. Rd1 Qe8 47. Bc4+ Kh7 48.
Bd5 Be5 49. Qf2 Bb8 50. Bxe4 Qxe4 51. Rd7+ Kg6 52. Qa2 Qe8 53. Qd5 f4 54. Qd3+
Kh5 55. Qd1+ Kg6 56. Ng4 f3 57. Qd3+ Rf5 58. Qxa6+ 1-0